000 01221nam a2200229Ia 4500
001 L235-46283
003 IT-CnALBA
008 170116s9999||||xx |||||||||||||| ||und||
040 _aIT-CnALBA
_cIT-CnALBA
041 _aITALIANO
100 _aJANOVIC PIERRE
245 0 _aINCHIESTA SULLA ESISTENZA DEGLI ANGELI CUSTODI.
250 _a1a ed.
260 _aCASALE MONFERRATO (AL)
_bPIEMME EDIZIONI
_c1995 [1° Ed.:1995 - Ed.Ling.Originale: 1993]
300 _a379 p.
500 _aGLI ANGELI NELLA VITA QUOTIDIANA. NEI TUNNEL. INTERVENTI SOPRANNATURALI. DIALOGHI. ROSS KUBLER E. GLI ANGELI DURANTE GLI INCIDENTI. MISTICI E ANGELI. E SANTI FORMULA UNO. E STIGMATIZZATI. E ESTASI. E GLI INCORRUTTIBILI. E I VISIONARI. INDICE ONOMASTICO.
501 _aSocietà San Paolo EM - Piazza San Paolo, 14 - 12051 ALBA (CN) (non commercial uses only) ® Copyright 2017
520 _aGLI ANGELI NELLA VITA QUOTIDIANA. NEI TUNNEL. INTERVENTI SOPRANNATURALI. DIALOGHI. ROSS KUBLER E. GLI ANGELI DURANTE GLI INCIDENTI. MISTICI E ANGELI. E SANTI FORMULA UNO. E STIGMATIZZATI. E ESTASI. E GLI INCORRUTTIBILI. E I VISIONARI. INDICE ONOMASTICO.
650 _aMARIA SS. ANGELI SANTI DEMONI
942 _cBK
957 _71
999 _a52544
_bNO
_g Copie: 1
_c305222
_d305222